The Everyday Visionary : (Record no. 605169)

MARC details
000 -LEADER
fixed length control field 00487nam a2200193 a 4500
008 - FIXED-LENGTH DATA ELEMENTS--GENERAL INFORMATION
fixed length control field 251223s2008##################000#0#eng##
020 ## - INTERNATIONAL STANDARD BOOK NUMBER
ISBN 9781416549765
082 04 - DEWEY DECIMAL CLASSIFICATION NUMBER
Classification number 248.4
Item number DUP
100 1# - MAIN ENTRY--AUTHOR NAME
Personal name Duplantis, Jesse,
245 10 - TITLE STATEMENT
Title The Everyday Visionary :
260 ## - PUBLICATION, DISTRIBUTION, ETC. (IMPRINT)
Name of publisher Touchstone,
Year of publication 2008.
300 ## - PHYSICAL DESCRIPTION
Number of Pages 240 pages
650 #0 - SUBJECT ADDED ENTRY--TOPICAL TERM
Topical Term Religion.
942 ## - ADDED ENTRY ELEMENTS (KOHA)
Koha item type English Books
Holdings
Withdrawn status Lost status Damaged status Not for loan Home library Current library Shelving location Date acquired Full call number Accession Number Price effective from Koha item type
        Anna Centenary Library Anna Centenary Library 3RD FLOOR, B WING 26.12.2025 248.4 DUP 457613 26.12.2025 English Books

Find us on the map